Introduction to Bioinformatics (Record no. 6620)

MARC details
000 -LEADER
fixed length control field 01038cam a2200337 a 4500
001 - CONTROL NUMBER
control field 895805
003 - CONTROL NUMBER IDENTIFIER
control field OSt
005 - DATE AND TIME OF LATEST TRANSACTION
control field 20210208104019.0
008 - FIXED-LENGTH DATA ELEMENTS--GENERAL INFORMATION
fixed length control field 990908s1999 enka b 001 0 eng d
015 ## - NATIONAL BIBLIOGRAPHY NUMBER
National bibliography number GB99-23675
020 ## - INTERNATIONAL STANDARD BOOK NUMBER
International Standard Book Number 9780582327887
020 ## - INTERNATIONAL STANDARD BOOK NUMBER
International Standard Book Number 0582327881
040 ## - CATALOGING SOURCE
Original cataloging agency UKM
Transcribing agency UKM
041 09 - LANGUAGE CODE
Language code of text/sound track or separate title eng
042 ## - AUTHENTICATION CODE
Authentication code nlmcopyc
082 04 - DEWEY DECIMAL CLASSIFICATION NUMBER
Classification number 003
Item number ATT 1999
100 1# - MAIN ENTRY--PERSONAL NAME
Personal name Attwood, Teresa K.; Parry-Smith, David J.
9 (RLIN) 13619
245 10 - TITLE STATEMENT
Title Introduction to Bioinformatics
260 ## - PUBLICATION, DISTRIBUTION, ETC. (IMPRINT)
Place of publication, distribution, etc. Harlow;
Name of publisher, distributor, etc. Longman,
Date of publication, distribution, etc. 1999.
300 ## - PHYSICAL DESCRIPTION
Extent xx, 218 p. :
Other physical details ill. ;
Dimensions 24 cm.
336 ## - CONTENT TYPE
Content type term text
Content type code txt
Source rdacontent
337 ## - MEDIA TYPE
Media type term unmediated
Media type code n
Source rdamedia
338 ## - CARRIER TYPE
Carrier type term volume
Carrier type code nc
Source rdacarrier
490 1# - SERIES STATEMENT
Series statement Cell and molecular biology in action series
504 ## - BIBLIOGRAPHY, ETC. NOTE
Bibliography, etc Includes bibliographical references and index.
650 12 - SUBJECT ADDED ENTRY--TOPICAL TERM
Topical term or geographic name as entry element Computational Biology
Authority record control number https://id.nlm.nih.gov/mesh/D019295
9 (RLIN) 13620
830 #0 - SERIES ADDED ENTRY--UNIFORM TITLE
Uniform title Cell and molecular biology in action
9 (RLIN) 13622
942 ## - ADDED ENTRY ELEMENTS (KOHA)
Source of classification or shelving scheme Dewey Decimal Classification
Koha item type Open Shelf
987 ## - LOCAL ROMANIZATION/CONVERSION HISTORY (OCLC)
Romanization/conversion identifier JCY19990908
Holdings
Withdrawn status Lost status Source of classification or shelving scheme Damaged status Not for loan Home library Current library Date acquired Source of acquisition Inventory number Total Checkouts Full call number Barcode Date last seen Koha item type
    Dewey Decimal Classification     MUST Main Library MUST Main Library 11/02/2020 Donation 03/18734   003 ATT 1999 2020-0448 11/02/2020 Open Shelf